Central Library OPAC University of Rajshahi

Administrative reform in Pakistan : (Record no. 8018)

MARC details
000 -LEADER
fixed length control field 01017cam a2200277 4500
001 - CONTROL NUMBER
control field 8018
003 - CONTROL NUMBER IDENTIFIER
rucl marc code BD-RjUL
005 - DATE AND TIME OF LATEST TRANSACTION
control field 20211208234518.0
008 - FIXED-LENGTH DATA ELEMENTS--GENERAL INFORMATION
fixed length control field 140116t19701969pk b 000 0 eng d
035 ## - SYSTEM CONTROL NUMBER
System control number (BD-RjUL)8063
040 ## - CATALOGING SOURCE
Original cataloging agency DLC
Transcribing agency DLC
Modifying agency (BD-RjUL)
Language of cataloging eng
041 ## - LANGUAGE CODE
Language code of text/sound track or separate title eng
082 00 - DEWEY DECIMAL CLASSIFICATION NUMBER
Classification number 354.549
Author mark and year HOA 1970
Edition number 23
100 1# - MAIN ENTRY--PERSONAL NAME
Personal name Hoque, Abunasar Shamsul
Dates associated with a name 1932-
9 (RLIN) 25019
245 10 - TITLE STATEMENT
Title Administrative reform in Pakistan :
Remainder of title an analysis of Reform Commission reports in the light of United Nations doctrine /
Statement of responsibility, etc. Abunasar Shamsul Hoque.
260 ## - PUBLICATION, DISTRIBUTION, ETC. (IMPRINT)
Place of publication, distribution, etc. Dacca :
Name of publisher, distributor, etc. National Institute of Public Administration;
Date of publication, distribution, etc. c.1969 [1970]
300 ## - PHYSICAL DESCRIPTION
Pagination xv, 380 p. ;
Size 24 cm.
350 ## - PRICE (NR) (BK AM CF MU VM SE) [OBSOLETE]
Price Rs20.00
500 ## - GENERAL NOTE
General note "Thesis approved for the degree of Doctor of Philosophy at the Duke University, U.S.A."
504 ## - BIBLIOGRAPHY, ETC. NOTE
Bibliography, etc Bibliography: p. [339]-357.
650 #0 - SUBJECT ADDED ENTRY--TOPICAL TERM
Topical term or geographic name as entry element Civil service
Geographic subdivision Pakistan.
9 (RLIN) 17468
Topical term or geographic name as entry element Public administration.
9 (RLIN) 25020
651 #0 - SUBJECT ADDED ENTRY--GEOGRAPHIC NAME
Geographic name Pakistan
General subdivision Politics and government.
9 (RLIN) 6486
942 ## - ADDED ENTRY ELEMENTS (KOHA)
Source of classification or shelving scheme Dewey Decimal Classification
Koha item type Books
Holdings
Lost status Source of classification or shelving scheme Damaged status Not for loan Collection code Permanent Location Current Location Shelving location Date acquired Source of acquisition Cost, normal purchase price Total Checkouts Full call number Date last seen Copy number Koha item type Date checked out
  Dewey Decimal Classification     Non-fiction Central Library, University of Rajshahi Central Library, University of Rajshahi     Dac.Abdullah AlMahmmood 15.00   354.549 HOA 1970 16/01/2014 C-10 Books  
  Dewey Decimal Classification     Non-fiction Central Library, University of Rajshahi Central Library, University of Rajshahi   12/04/1973 A N samsul haque 15.00   354.549 HOA 1970 05/03/2014 C-4 Books  
  Dewey Decimal Classification     Non-fiction Central Library, University of Rajshahi Central Library, University of Rajshahi   12/04/1973 Dacca Mohidulla & co., 15.00   354.549 HOA 1970 05/03/2014 C-7 Books  
  Dewey Decimal Classification     Non-fiction Central Library, University of Rajshahi Central Library, University of Rajshahi   12/04/1973 Mohindul & sons, Dhaka 15.00   354.549 HOA 1970 30/07/2016 C-3 Books  
  Dewey Decimal Classification     Non-fiction Central Library, University of Rajshahi Central Library, University of Rajshahi   12/04/1973 Dacca mohimdan 15.00   354.549 HOA 1970 06/08/2016 C-2 Books  
  Dewey Decimal Classification     Non-fiction Central Library, University of Rajshahi Central Library, University of Rajshahi   12/04/1973 Dacca mohimdan 15.00   354.549 HOA 1970 06/08/2016 C-5 Books  
  Dewey Decimal Classification     Non-fiction Central Library, University of Rajshahi Central Library, University of Rajshahi   12/04/1973 Dacca mohimdan 15.00   354.549 HOA 1970 06/08/2016 C-6 Books  
  Dewey Decimal Classification     Non-fiction Central Library, University of Rajshahi Central Library, University of Rajshahi   12/04/1973 Dacca mohimdan 15.00 3 354.549 HOA 1970 15/03/2020 C-8 Books 04/03/2020
  Dewey Decimal Classification     Non-fiction Central Library, University of Rajshahi Central Library, University of Rajshahi   12/04/1973 Dacca mohimdan 15.00   354.549 HOA 1970 06/08/2016 C-9 Books  
  Dewey Decimal Classification     Non-fiction Central Library, University of Rajshahi Central Library, University of Rajshahi   12/04/1973 Dacca mohimdan 15.00   354.549 HOA 1970 06/08/2016 C-1 Books